000 00866nas a2200301 4500
001 BR2017000369
003 BR-BrBNA
005 20231205130842.0
007 ta
008 230509b bl.|||p| |||| 00| 00por d
040 _aBR-BrBNA
_bpor
_cBiblioteca Nacional de Agricultura
041 _a(Pt)
072 _aE71; E70
100 1 _aBeraldo, J.B.L.
100 1 _aFigueiredo, M.G. de
245 1 _aFormação do preço de fertilizantes em Mato Grosso
650 _aFERTILIZANTE
650 _aPREÇO
650 _aMERCADORIA
650 _aIMPORTAÇÃO
650 _aCONSUMIDOR
650 _aCOTAÇÃO
650 _aREGRESSÃO LINEAR
650 _aMATO GROSSO
773 0 _tRevista de Política Agrícola (Brazil)
_xISSN 1413-4969
_g(Jul-Sep 2016), v. 25(3) p. 16-20
_wBR2017000369
909 _a202311
_bLúcia
_c55
_dLúcia Elande
942 _2AGRIS
_n0
_cANA
999 _c251657
_d251657